00603nam a2200217 450000500170000000600040001700700040002100800040002502000180002904000090004705000220005610000200007824500610009825000690015926000470022830000270027550000290030265000120033170000210034370000210036420200121131155.0000000000 a9780393929690 aUOEL aQC21.3b.Q53 2007 aOhanian, Hans C aPhysics for engineers and scientistscby Hans C. Ohanian a3rd ed.bvol.3 (chapters 36-41) relativity,quanta, and particles aNewYork ,bW.W. Norton & company :cc2007. axlix,A-59. :bcol,ill. aincludes index, appendix aphysics aOhanian, Hans C. aMarkert, John T.